Od szoku do terapii ekonomia i polityka transformacji

Uložené v:
Podrobná bibliografia
Hlavný autor: Kolodko, Grzegorz W.
Ďalší autori: Tilbury, Jasper
Médium: Kniha
Jazyk:Polish
Vydavateľské údaje: Warszawa Poltext 1999
Predmet:
Tagy: Pridať tag
Žiadne tagy, Buďte prvý, kto otaguje tento záznam!

MARC

LEADER 00000nam a2200000 4500
001 c120313
005 20230220124138.6
020 |a 83-86890-67-3 
041 0 |a pol 
044 |a PL 
245 1 0 |a Od szoku do terapii  |b ekonomia i polityka transformacji  |c Grzegorz W. Kolodko ; [tlumaczenie: Jasper Tilbury] 
264 1 |a Warszawa  |b Poltext  |c 1999 
300 |a 394 s. 
610 2 0 |a transformácia 
610 2 0 |a obdobie prechodné 
610 2 0 |a politika hospodárska 
610 2 0 |a reformy hospodárske 
610 2 0 |a hospodárstvo socialistické 
610 2 0 |a hospodárstvo trhové 
610 2 0 |a politika menová 
610 2 0 |a zisk 
610 2 0 |a náklady 
610 2 0 |a štát 
610 2 0 |a spolupráca medzinárodná 
610 2 0 |a prognózovanie 
610 2 0 |a rozvoj hospodársky 
610 2 0 |a globalizácia 
610 2 0 |a porovnanie štatistické medzinárodné 
100 1 |a Kolodko, Grzegorz W. 
700 1 |a Tilbury, Jasper